00428nam a22001337a 4500003000500000082000800005100001800013245006800031264003700099300003100136650003600167700003400203856005700237NUST a621 aZafar ,Noman  aPiezoelectric Material Synthesis and Development /cNoman Zafar aIslamabad: bSMME- NUST. c2017. a56p. ;bSoft Copy, c30cm. aMS Mechanical Engineering  aSupervisor : Dr. Mushtaq Khan uhttp://10.250.8.41:8080/xmlui/handle/123456789/23932